000 00836cam a2200265 a 4500
001 15922088
005 20180301043203.0
008 090925s2010 nyu 001 0 eng
010 _a 2009039855
020 _a9780735588257 (pbk.)
020 _a0735588252 (pbk.)
035 _a(OCoLC)ocn440563022
040 _aDLC
_cDLC
_dRCJ
_dONS
_dBOP
_dNDL
_dYDXCP
_dCDX
_dDLC
041 _aeng
042 _apcc
043 _an-us---
080 _a342.73085 ala
082 0 0 _a342.73085 ala
_222
100 1 _a14
101 _akur
245 1 0 _aConstitutional law--individual rights :
_cAllan Ides, Christopher N. May.
906 _a7
_bcbc
_corignew
_d1
_eecip
_f20
_gy-gencatlg
942 _2ddc
_cBK
999 _c43795
_d43795